Đánh giá tính kháng khuẩn của vi khuẩn sợi được phân lập tử Hải Miên ở vùng biển Hà Tiên, Kiên Giang : Luận văn tốt nghiệp thạc sĩ ngành Công nghệ Sinh học

Nội dung luận văn nghiên cứu, đánh giá tính kháng khuẩn của vi khuẩn sợi được phân lập tử Hải Miên ở vùng biển Hà Tiên, Kiên Giang.

Enregistré dans:
Détails bibliographiques
Auteur principal: Phạm, Ngọc Hân
Format: Livre
Langue:Undetermined
Publié: Cần Thơ Trường Đại học Cần Thơ 2018
Sujets:
Tags: Ajouter un tag
Pas de tags, Soyez le premier à ajouter un tag!
Thư viện lưu trữ: Trung tâm Học liệu Trường Đại học Cần Thơ
LEADER 01056nam a2200205Ia 4500
001 CTU_227327
008 210402s9999 xx 000 0 und d
082 |a 660.63 
082 |b H121 
100 |a Phạm, Ngọc Hân 
245 0 |a Đánh giá tính kháng khuẩn của vi khuẩn sợi được phân lập tử Hải Miên ở vùng biển Hà Tiên, Kiên Giang : 
245 0 |b Luận văn tốt nghiệp thạc sĩ ngành Công nghệ Sinh học 
245 0 |c Phạm Ngọc Hân ; Cao Ngọc Điệp (cán bộ hướng dẫn) 
260 |a Cần Thơ 
260 |b Trường Đại học Cần Thơ 
260 |c 2018 
520 |a Nội dung luận văn nghiên cứu, đánh giá tính kháng khuẩn của vi khuẩn sợi được phân lập tử Hải Miên ở vùng biển Hà Tiên, Kiên Giang. 
650 |a Biochemical engineering,Kỹ thuật sinh hoá 
910 |b dqhieu 
980 |a Trung tâm Học liệu Trường Đại học Cần Thơ